000 00897cam a2200301 4500
001 J1202
008 090401t1992 xxu||||| |||| 00| 0 eng d
035 _a(Sirsi) u42309
041 _aeng
050 _a658.1552
100 _aBaxter, Lynne F.
245 _aJust in time for the construction industry.
260 _aAscot, Berks.
_bChartered Institute of Building
_c1992
300 _a8p. : ill. ; 30cm.
350 _a3.5
490 _aConstruction Papers
_v14
520 _aIncludes case study of Calders and Grandidge.
650 _aBUILDING INDUSTRY
650 _aBUILT ENVIRONMENT-BUILDING MATERIALS
650 _aCALDERS AND GRANDIDGE
650 _aJIT
650 _aJUST IN TIME MANUFACTURING
690 _aBUILDING AND CONSTRUCTION-ECONOMICS
700 _aMacfarlane, Angus W.
710 _aChartered Institute of Building
_92134
942 _n0
948 _c04/03/1997
999 _c91069
_d91069